Widok standardowy
Widok MARC
Pozycja Topical Term
Liczba rekordów, w których użyto hasła: 1
001 - Numer kontrolny
- control field: 40687
003 - Identyfikator numeru kontrolnego
- control field: NUKAT
005 - Data i czas ostatniej modyfikacji
- control field: 20260427141920.0
008 - Dane kontrolne kodowane (40 znaków)
- fixed length control field: 991217 ||a|znnbabn |a ana |c
010 ## - Numer kontrolny Biblioteki Kongresu
- numer kontrolny LC: s 01388028
040 ## - Instytucja sporządzająca rekord
- inst. przygot. dane do rek. khw: WA U/MM
- język haseł przedmiotowych/tezaurus: kaba
- inst. wprow. rek. khw: WA U/MM
- inst. modyf. rek. khw: WA U/ZM
083 #4 - DEWEY DECIMAL CLASSIFICATION NUMBER
- pojed. symbol lub pocz. z zakr. symboli: 900
- określenie wyjaśniające: Historia
150 ## - Hasło - nazwa pospolita
- nazwa posp. lub nazwa geogr. na pocz.: Wojna światowa (1939-1945)
- określnik rzeczowy: więźniowie i więzienia Polaków.
450 ## - Trop zob. - nazwa pospolita
- nazwa posp. lub nazwa geogr. na pocz.: Guerre mondiale (1939-1945)
- określnik rzeczowy: Prisonniers et prisons des Polonais [f]
450 ## - Trop zob. - nazwa pospolita
- nazwa posp. lub nazwa geogr. na pocz.: World War, 1939-1945
- określnik rzeczowy: Prisoners and prisons, Polish [c]
670 ## - Źródło informacji
- źródło informacji: RAMEAU